000
00321nam a22001337a 4500
003
SGT
082
_a
350.954
_b
C94S
100
_a
SALUNKHE,P.B.
245
_a
CHHATRAPATI SHAHU : THE PILLAR OF SOCIAL DEMOCRACY
260
_b
THE EDUCATION DEPARTMENT
_c
1994
300
_a
1994
650
_a
SOCIAL SCIENCE
942
_2
ddc
_c
BK
999
_c
27734
_d
27734